The Virginia Magazine of History and Biography

محفوظ في:

التنسيق: دورية

اللغة: Undetermined

منشور في: JSTOR
Virginia Historical Society

الموضوعات:

الوصول للمادة أونلاين: Login to view Source

الوسوم: إضافة وسم

لا توجد وسوم, كن أول من يضع وسما على هذه التسجيلة!

رقم الطلب:

LEADER 00663nas a2200193Ia 4500
008 220214c99999999xx |||||||||||| ||und||
022 |a 0042-6636 
022 |a 2330-1317 
245 0 4 |a The Virginia Magazine of History and Biography 
264 1 |b JSTOR 
264 1 |b Virginia Historical Society 
362 0 |a Vol. 1(1893)-129 (2021) 
500 |a Content for this title is released as soon as the latest issues become available to JSTOR. 
653 1 0 |a Area Studies 
653 1 0 |a History 
856 4 0 |u https://www.jstor.org/journal/virghistbiog 
942 |c JL 
952 |0 0  |1 0  |4 0  |7 1  |9 37598  |a JSR  |b JSR  |d 2022-02-14  |l 0  |r 2022-02-14 00:00:00  |w 2022-02-14  |y JL 
999 |c 45929  |d 45929